PHARMACOLOGY FOR NURSING (Record no. 27257)

MARC details
000 -LEADER
fixed length control field 00315nam a22001457a 4500
003 - CONTROL NUMBER IDENTIFIER
control field SGT
082 ## - DEWEY DECIMAL CLASSIFICATION NUMBER
Classification number 615
Item number P23S
100 ## - MAIN ENTRY--PERSONAL NAME
Personal name SHANBHAG, TARA V.
245 ## - TITLE STATEMENT
Title PHARMACOLOGY FOR NURSING
250 ## - EDITION STATEMENT
Edition statement 3RD
260 ## - PUBLICATION, DISTRIBUTION, ETC. (IMPRINT)
Place of publication, distribution, etc INDIA
Name of publisher, distributor, etc ELSEVIER PUB
Year of Publication 2023
300 ## - PAGE DESCRIPTION
No. of Pages 374
650 ## - SUBJECT ADDED ENTRY--TOPICAL TERM
Topical term or geographic name as entry element PHARMACOLOGY
942 ## - ADDED ENTRY ELEMENTS (KOHA)
Source of classification or shelving scheme Dewey Decimal Classification
Koha item type Books
942 ## - ADDED ENTRY ELEMENTS (KOHA)
-- 22
Holdings
Withdrawn status Lost status Source of classification or shelving scheme Damaged status Not for loan Collection code Home library Current library Shelving location Date acquired Vendor Name Cost, normal purchase price SGTU Bill Number Full call number Accession No. (Barcode) Date last seen Bill Date Koha item type Total Checkouts Checked out Date last borrowed Total Renewals
    Dewey Decimal Classification   Not For Loan NURSING SGT Medical Library SGT Medical Library Reference Book 29/08/2024 ABC DELHI 765.00 SGTU 19450 615 P23S FN5435 13/11/2024 29/08/2024 Books        
    Dewey Decimal Classification     NURSING SGT Medical Library SGT Medical Library Text Book 29/08/2024 ABC DELHI 765.00 SGTU 19450 615 P23S FN5436 21/05/2026 29/08/2024 Books 18 04/06/2026 21/05/2026  
    Dewey Decimal Classification     NURSING SGT Medical Library SGT Medical Library Text Book 29/08/2024 ABC DELHI 765.00 SGTU 19450 615 P23S FN5437 19/05/2026 29/08/2024 Books 16 02/06/2026 19/05/2026  
    Dewey Decimal Classification     NURSING SGT Medical Library SGT Medical Library Text Book 29/08/2024 ABC DELHI 765.00 SGTU 19450 615 P23S FN5438 22/05/2026 29/08/2024 Books 14 05/06/2026 22/05/2026  
    Dewey Decimal Classification     NURSING SGT Medical Library SGT Medical Library Text Book 29/08/2024 ABC DELHI 765.00 SGTU 19450 615 P23S FN5439 25/05/2026 29/08/2024 Books 15 08/06/2026 25/05/2026  
    Dewey Decimal Classification     NURSING SGT Medical Library SGT Medical Library Text Book 29/08/2024 ABC DELHI 765.00 SGTU 19450 615 P23S FN5440 22/05/2026 29/08/2024 Books 14   12/05/2026  
    Dewey Decimal Classification     NURSING SGT Medical Library SGT Medical Library Text Book 29/08/2024 ABC DELHI 765.00 SGTU 19450 615 P23S FN5441 28/05/2026 29/08/2024 Books 18 11/06/2026 28/05/2026  
    Dewey Decimal Classification     NURSING SGT Medical Library SGT Medical Library Text Book 29/08/2024 ABC DELHI 765.00 SGTU 19450 615 P23S FN5442 29/04/2026 29/08/2024 Books 13   29/04/2026 1